Statistics for "Rockin' Around the Christmas Tree" Lyrics

Click here to take the quiz!

General Stats

  • This quiz has been taken 72 times
  • The average score is 87 of 118

Answer Stats

Lyrics% Correct
a
100%
around
100%
Christmas
100%
Rockin'
100%
the
100%
tree
98%
You
79%
you
79%
happy
78%
hear
76%
with
76%
holly
74%
when
74%
be
72%
have
72%
Have
72%
holiday
72%
Let
72%
And
71%
jolly
71%
of
71%
singing,
71%
will
71%
Deck
69%
feeling
69%
get
69%
halls
69%
In
69%
Voices
69%
let's
67%
party
66%
Every
64%
do
60%
sentimental
60%
spirit
60%
boughs
59%
caroling
59%
dancin'
59%
where
59%
at
57%
new
57%
pie
57%
pumpkin
57%
can
55%
Everyone
55%
some
55%
way
55%
we'll
55%
hop
53%
merrily
53%
to
53%
see
52%
Later
50%
Mistletoe
48%
ring
48%
couple
47%
stop
45%
tries
45%
hung
43%
old-fashioned
41%

Score Distribution

Percentile by Number Answered

Percent of People with Each Score

Your Score History

You have not taken this quiz